000 00851pam a2200277 a 4500
001 8839
003 BD-RjUL
005 20211208234649.0
008 140119s1982 ii a b 001 0 eng d
020 _a0470272147
035 _a(BD-RjUL)8884
040 _aDLC
_cDLC
_dDLC
_dBD-RjUL
_beng
041 _aeng
082 0 0 _a531.7
_219
_bVEC 1982
100 1 _aVerma, Ajit Ram.
_927474
245 1 0 _aCrystallography for solid state physics /
_cAjit Ram Verma, Onkar Nath Srivastava.
260 _aNew Delhi :
_aCalcutta :
_bWiley,
_cc1982.
300 _axiii, 348 p. :
_bill. ;
_c24 cm.
500 _a"A Halsted Press book."
504 _aIncludes bibliographies and index.
650 0 _aCrystallography.
_927034
650 0 _aSolid state physics.
_923918
700 1 _aSrivastava, Onkar Nath.
_927475
942 _2ddc
_cBK
999 _c8839
_d8839